| 000 | 00478nam a2200157 i 4500 | ||
|---|---|---|---|
| 001 | 147915 | ||
| 003 | ES-MaACL | ||
| 005 | 20230906202324.0 | ||
| 007 | t| | ||
| 008 | 071008s1965 sp ||||1| spa d | ||
| 100 | 1 |
_aUrbanski, Edmund Stephen. _9112082 |
|
| 245 | 1 | 0 |
_aAngloamérica e Hispanoamérica _b: análisis de dos civilizaciones / _cEdmund Stephen Urbanski. |
| 260 |
_aMadrid : _bStudium, _c1965. |
||
| 300 |
_a246 p. ; _c20 cm. |
||
| 852 |
_aES-MaACL _jC-28290 _bR.57541 |
||
| 999 |
_c147915 _d147915 |
||